[Event "Russiablitzwomen"]
[Site "?"]
[Date "2016.10.04"]
[Round "3.4"]
[White "Shaydullina, Sandugach"]
[Black "Nechaeva, Marina"]
[Result "1/2-1/2"]
[LiveChessVersion "1.4.4"]
[BlackElo "2351"]
[WhiteElo "2198"]

1. Nf3 {[%clk 0:03:03]} d5 {[%clk 0:03:03]} 2. c4 {[%clk 0:03:04]} c6
{[%clk 0:03:03]} 3. b3 {[%clk 0:03:04]} Nf6 {[%clk 0:03:04]} 4. Bb2
{[%clk 0:03:05]} e6 {[%clk 0:03:05]} 5. e3 {[%clk 0:03:06]} Nbd7 {[%clk 0:03:06]}
6. d4 {[%clk 0:03:07]} b6 {[%clk 0:03:07]} 7. Nbd2 {[%clk 0:03:08]} Bb7
{[%clk 0:03:08]} 8. Bd3 {[%clk 0:03:09]} Be7 {[%clk 0:03:06]} 9. O-O
{[%clk 0:03:06]} O-O {[%clk 0:03:06]} 10. e4 {[%clk 0:03:07]} dxe4
{[%clk 0:03:03]} 11. Nxe4 {[%clk 0:03:08]} c5 {[%clk 0:03:00]} 12. Qe2
{[%clk 0:02:53]} cxd4 {[%clk 0:02:58]} 13. Nxd4 {[%clk 0:02:49]} Nc5
{[%clk 0:02:51]} 14. Nxc5 {[%clk 0:02:46]} Bxc5 {[%clk 0:02:38]} 15. Rad1
{[%clk 0:02:46]} Qe7 {[%clk 0:02:28]} 16. Bb1 {[%clk 0:02:36]} Rad8
{[%clk 0:02:24]} 17. h3 {[%clk 0:02:32]} Rd7 {[%clk 0:02:15]} 18. Nb5
{[%clk 0:02:17]} Rfd8 {[%clk 0:01:33]} 19. Be5 {[%clk 0:01:59]} a6
{[%clk 0:01:26]} 20. Nc3 {[%clk 0:01:52]} Bd6 {[%clk 0:00:49]} 21. Bxd6
{[%clk 0:01:26]} Rxd6 {[%clk 0:00:49]} 22. Rxd6 {[%clk 0:01:15]} Rxd6
{[%clk 0:00:50]} 23. Rd1 {[%clk 0:01:15]} h6 {[%clk 0:00:34]} 24. Rd2
{[%clk 0:01:01]} Qd8 {[%clk 0:00:33]} 25. Rd3 {[%clk 0:00:54]} g6
{[%clk 0:00:25]} 26. Qd1 {[%clk 0:00:49]} Rxd3 {[%clk 0:00:24]} 27. Qxd3
{[%clk 0:00:50]} Qc7 {[%clk 0:00:22]} 28. Qd4 {[%clk 0:00:46]} e5
{[%clk 0:00:21]} 29. Qe3 {[%clk 0:00:38]} Kg7 {[%clk 0:00:21]} 30. f3
{[%clk 0:00:31]} Nd7 {[%clk 0:00:17]} 31. Be4 {[%clk 0:00:24]} Bxe4
{[%clk 0:00:14]} 32. Qxe4 {[%clk 0:00:21]} Qc5+ {[%clk 0:00:15]} 33. Kh2
{[%clk 0:00:21]} Nf6 {[%clk 0:00:16]} 34. Qe2 {[%clk 0:00:20]} Qd4
{[%clk 0:00:17]} 35. Nd1 {[%clk 0:00:16]} g5 {[%clk 0:00:17]} 36. Nf2
{[%clk 0:00:16]} Qf4+ {[%clk 0:00:17]} 37. g3 {[%clk 0:00:16]} Qd4
{[%clk 0:00:17]} 38. Kg2 {[%clk 0:00:09]} Nd7 {[%clk 0:00:17]} 39. Qe4
{[%clk 0:00:06]} Qd6 {[%clk 0:00:17]} 40. Qd5 {[%clk 0:00:05]} Qxd5 41. cxd5
{[%clk 0:00:06]} f5 {[%clk 0:00:18]} 42. Nd3 {[%clk 0:00:07]} Kf6
{[%clk 0:00:19]} 43. Nb4 {[%clk 0:00:08]} a5 {[%clk 0:00:20]} 44. Nc6
{[%clk 0:00:09]} Nc5 {[%clk 0:00:17]} 45. Kf2 {[%clk 0:00:08]} Na6
{[%clk 0:00:18]} 46. Ke3 {[%clk 0:00:08]} Nc5 {[%clk 0:00:15]} 47. Kd2
{[%clk 0:00:07]} e4 {[%clk 0:00:15]} 48. Ke3 {[%clk 0:00:08]} exf3
{[%clk 0:00:15]} 49. Kxf3 {[%clk 0:00:09]} h5 {[%clk 0:00:17]} 50. Ke3
{[%clk 0:00:08]} Nb7 {[%clk 0:00:15]} 51. Kd4 {[%clk 0:00:08]} Nd6
{[%clk 0:00:16]} 52. Nd8 {[%clk 0:00:05]} f4 {[%clk 0:00:15]} 53. gxf4
{[%clk 0:00:06]} gxf4 {[%clk 0:00:16]} 54. Ne6 {[%clk 0:00:07]} Kf5
{[%clk 0:00:17]} 55. Ng7+ {[%clk 0:00:08]} Kg5 {[%clk 0:00:17]} 56. Ne6+
{[%clk 0:00:09]} Kf5 {[%clk 0:00:18]} 57. Ng7+ {[%clk 0:00:10]} Kg5
{[%clk 0:00:18]} 58. Ne6+ {[%clk 0:00:11]} Kf5 {[%clk 0:00:16]} 59. Ng7+
{[%clk 0:00:13]} Ke5+ 1/2-1/2

[Event "Russiablitzwomen"]
[Site "?"]
[Date "2016.10.04"]
[Round "3.6"]
[White "Gritsayeva, Oksana"]
[Black "Gvanceladze, Anna"]
[Result "0-1"]
[LiveChessVersion "1.4.4"]
[BlackElo "2171"]
[WhiteElo "2284"]

1. e4 {[%clk 0:03:04]} c6 {[%clk 0:03:04]} 2. d3 {[%clk 0:03:04]} d5
{[%clk 0:03:04]} 3. Nd2 {[%clk 0:03:05]} e5 {[%clk 0:03:04]} 4. g3
{[%clk 0:03:05]} Nf6 {[%clk 0:03:04]} 5. Bg2 {[%clk 0:03:07]} Bd6
{[%clk 0:02:50]} 6. Ngf3 {[%clk 0:03:03]} O-O {[%clk 0:02:50]} 7. O-O
{[%clk 0:03:04]} Bg4 {[%clk 0:02:49]} 8. h3 {[%clk 0:03:05]} Bh5 {[%clk 0:02:51]}
9. Qe1 {[%clk 0:03:01]} Nbd7 {[%clk 0:02:50]} 10. g4 {[%clk 0:02:42]} Bg6
{[%clk 0:02:51]} 11. Qe2 {[%clk 0:02:41]} Re8 {[%clk 0:02:52]} 12. Re1
{[%clk 0:02:38]} dxe4 {[%clk 0:02:40]} 13. dxe4 {[%clk 0:02:31]} Nc5
{[%clk 0:02:41]} 14. Nh2 {[%clk 0:02:21]} Ne6 {[%clk 0:02:40]} 15. Nc4
{[%clk 0:02:18]} Bc7 {[%clk 0:02:26]} 16. c3 {[%clk 0:02:18]} Nf4
{[%clk 0:02:24]} 17. Bxf4 {[%clk 0:02:12]} exf4 {[%clk 0:02:26]} 18. Qc2
{[%clk 0:01:59]} Qe7 {[%clk 0:02:14]} 19. Rad1 {[%clk 0:01:52]} Rad8
{[%clk 0:02:15]} 20. Rxd8 {[%clk 0:01:41]} Rxd8 {[%clk 0:02:16]} 21. Qe2
{[%clk 0:01:37]} b5 {[%clk 0:02:05]} 22. Nd2 {[%clk 0:01:32]} Qd6
{[%clk 0:01:18]} 23. Nhf3 {[%clk 0:01:25]} Re8 {[%clk 0:00:57]} 24. Nd4
{[%clk 0:01:07]} Qc5 {[%clk 0:00:27]} 25. N4f3 {[%clk 0:01:04]} Bb6
{[%clk 0:00:28]} 26. g5 {[%clk 0:00:56]} Nxe4 {[%clk 0:00:15]} 27. Nd4
{[%clk 0:00:56]} f5 {[%clk 0:00:14]} 28. gxf6 {[%clk 0:00:51]} Nxf6
{[%clk 0:00:15]} 29. Qd1 {[%clk 0:00:51]} Rxe1+ {[%clk 0:00:09]} 30. Qxe1
{[%clk 0:00:52]} Bf7 {[%clk 0:00:05]} 31. Qe2 {[%clk 0:00:52]} Qd6
{[%clk 0:00:05]} 32. Nf5 {[%clk 0:00:52]} Qd7 {[%clk 0:00:04]} 33. Ne7+
{[%clk 0:00:46]} Kf8 {[%clk 0:00:06]} 34. Nxc6 {[%clk 0:00:46]} a6
{[%clk 0:00:05]} 35. Ne5 {[%clk 0:00:46]} Qe6 {[%clk 0:00:04]} 36. Ndf3
{[%clk 0:00:46]} Bc7 {[%clk 0:00:05]} 37. Kf1 {[%clk 0:00:45]} Qe7
{[%clk 0:00:05]} 38. Nd3 {[%clk 0:00:43]} Bc4 {[%clk 0:00:05]} 39. Qxe7+
{[%clk 0:00:36]} Kxe7 {[%clk 0:00:07]} 40. Ke2 {[%clk 0:00:36]} Bb6
{[%clk 0:00:06]} 41. Nfe5 {[%clk 0:00:35]} Bxa2 {[%clk 0:00:07]} 42. Bb7
{[%clk 0:00:33]} a5 {[%clk 0:00:08]} 43. Kd2 {[%clk 0:00:33]} Bc4
{[%clk 0:00:09]} 44. Nxc4 {[%clk 0:00:33]} bxc4 {[%clk 0:00:11]} 45. f3
{[%clk 0:00:33]} cxd3 {[%clk 0:00:11]} 46. Kxd3 {[%clk 0:00:33]} g5
{[%clk 0:00:12]} 47. Kc4 {[%clk 0:00:34]} Bc7 {[%clk 0:00:13]} 48. Kc5
{[%clk 0:00:33]} h5 {[%clk 0:00:13]} 49. Bc8 {[%clk 0:00:34]} Bd6+
{[%clk 0:00:13]} 50. Kb5 {[%clk 0:00:35]} Bc7 {[%clk 0:00:14]} 51. Kc6
{[%clk 0:00:37]} Bd8 {[%clk 0:00:16]} 52. b4 {[%clk 0:00:36]} axb4
{[%clk 0:00:17]} 53. cxb4 {[%clk 0:00:38]} g4 {[%clk 0:00:17]} 54. hxg4
{[%clk 0:00:37]} hxg4 {[%clk 0:00:18]} 55. fxg4 {[%clk 0:00:38]} f3
{[%clk 0:00:20]} 56. Ba6 {[%clk 0:00:36]} Nxg4 {[%clk 0:00:20]} 57. Bd3
{[%clk 0:00:35]} Ne5+ {[%clk 0:00:19]} 58. Kd5 {[%clk 0:00:36]} Nxd3
{[%clk 0:00:19]} 59. b5 {[%clk 0:00:37]} f2 {[%clk 0:00:20]} 0-1

[Event "Russiablitzwomen"]
[Site "?"]
[Date "2016.10.04"]
[Round "5.1"]
[White "Pustovoitova, Daria"]
[Black "Ambartsumova, Karina"]
[Result "0-1"]
[LiveChessVersion "1.4.4"]
[BlackElo "2293"]
[WhiteElo "2405"]

1. d4 {[%clk 0:03:03]} Nf6 {[%clk 0:03:02]} 2. c4 {[%clk 0:03:04]} e6
{[%clk 0:03:03]} 3. Nf3 {[%clk 0:02:59]} d5 {[%clk 0:03:04]} 4. g3
{[%clk 0:03:00]} dxc4 {[%clk 0:03:05]} 5. Bg2 {[%clk 0:03:01]} Nc6
{[%clk 0:03:06]} 6. Qa4 {[%clk 0:02:57]} Bb4+ {[%clk 0:03:06]} 7. Bd2
{[%clk 0:02:56]} Nd5 {[%clk 0:02:53]} 8. Bxb4 {[%clk 0:02:54]} Ndxb4
{[%clk 0:02:53]} 9. O-O {[%clk 0:02:51]} a6 {[%clk 0:02:31]} 10. Ne5
{[%clk 0:02:44]} O-O {[%clk 0:02:26]} 11. Nxc6 {[%clk 0:02:41]} Nxc6
{[%clk 0:02:26]} 12. Bxc6 {[%clk 0:02:37]} bxc6 {[%clk 0:02:27]} 13. Qxc4
{[%clk 0:02:37]} Rb8 {[%clk 0:02:25]} 14. b3 {[%clk 0:02:32]} Qd5
{[%clk 0:02:03]} 15. Qxd5 {[%clk 0:02:16]} cxd5 {[%clk 0:02:04]} 16. Rc1
{[%clk 0:02:16]} Rb7 {[%clk 0:02:01]} 17. Rc6 {[%clk 0:01:58]} Bd7
{[%clk 0:01:41]} 18. Rxa6 {[%clk 0:01:26]} Bb5 {[%clk 0:01:42]} 19. Ra5
{[%clk 0:01:27]} Bxe2 {[%clk 0:01:42]} 20. Nc3 {[%clk 0:01:28]} Bf3
{[%clk 0:01:33]} 21. Re1 {[%clk 0:01:23]} Rb4 {[%clk 0:01:07]} 22. Re3
{[%clk 0:01:24]} Bg4 {[%clk 0:01:02]} 23. Rd3 {[%clk 0:01:24]} Rfb8
{[%clk 0:00:52]} 24. f3 {[%clk 0:01:10]} Bf5 {[%clk 0:00:53]} 25. Rd2
{[%clk 0:01:11]} Kf8 {[%clk 0:00:49]} 26. Kf2 {[%clk 0:01:09]} Ke7
{[%clk 0:00:48]} 27. Ke3 {[%clk 0:01:06]} Kd6 {[%clk 0:00:41]} 28. Na4
{[%clk 0:01:05]} f6 {[%clk 0:00:22]} 29. Ra6+ {[%clk 0:01:04]} Ke7
{[%clk 0:00:21]} 30. Nc5 {[%clk 0:01:03]} h5 {[%clk 0:00:20]} 31. Rc6
{[%clk 0:00:51]} Rc8 {[%clk 0:00:12]} 32. a3 {[%clk 0:00:46]} Rb6
{[%clk 0:00:13]} 33. Rxb6 {[%clk 0:00:34]} cxb6 {[%clk 0:00:14]} 34. Na4
{[%clk 0:00:33]} Rc6 {[%clk 0:00:13]} 35. Ke2 {[%clk 0:00:28]} Kd6
{[%clk 0:00:12]} 36. Rb2 {[%clk 0:00:26]} e5 {[%clk 0:00:12]} 37. Ke3
{[%clk 0:00:20]} b5 {[%clk 0:00:11]} 38. Nc5 {[%clk 0:00:10]} exd4+
{[%clk 0:00:12]} 39. Kxd4 {[%clk 0:00:11]} Rxc5 {[%clk 0:00:13]} 40. Re2
{[%clk 0:00:12]} Rc2 {[%clk 0:00:11]} 41. Re8 {[%clk 0:00:12]} Rd2+
{[%clk 0:00:11]} 42. Kc3 {[%clk 0:00:13]} Rd3+ {[%clk 0:00:12]} 43. Kb4
{[%clk 0:00:14]} Rxf3 {[%clk 0:00:11]} 44. Rb8 {[%clk 0:00:15]} Bd7
{[%clk 0:00:12]} 45. Rg8 {[%clk 0:00:15]} g5 {[%clk 0:00:12]} 46. Rh8
{[%clk 0:00:16]} d4 {[%clk 0:00:06]} 47. Rxh5 {[%clk 0:00:16]} d3
{[%clk 0:00:07]} 48. Kc3 {[%clk 0:00:17]} Ke5 {[%clk 0:00:08]} 49. Rh7
{[%clk 0:00:17]} Be6 {[%clk 0:00:09]} 50. Rb7 {[%clk 0:00:17]} d2+
{[%clk 0:00:09]} 51. Kxd2 {[%clk 0:00:19]} Rxb3 {[%clk 0:00:10]} 52. h4
{[%clk 0:00:17]} gxh4 {[%clk 0:00:10]} 53. gxh4 {[%clk 0:00:19]} Kf5
{[%clk 0:00:11]} 54. h5 {[%clk 0:00:16]} Kg5 {[%clk 0:00:10]} 55. h6
{[%clk 0:00:17]} Kxh6 {[%clk 0:00:09]} 56. Rb6 {[%clk 0:00:19]} Bc4
{[%clk 0:00:08]} 57. Rxf6+ {[%clk 0:00:19]} Kg5 {[%clk 0:00:10]} 58. Ra6
{[%clk 0:00:19]} Rb2+ {[%clk 0:00:09]} 59. Kc3 {[%clk 0:00:20]} Rb3+
{[%clk 0:00:09]} 60. Kc2 {[%clk 0:00:21]} Rh3 {[%clk 0:00:08]} 61. Ra5
{[%clk 0:00:20]} Bb3+ {[%clk 0:00:07]} 62. Kb2 {[%clk 0:00:20]} Ba4
{[%clk 0:00:08]} 63. Ra7 {[%clk 0:00:21]} Kf5 {[%clk 0:00:09]} 64. Rc7
{[%clk 0:00:22]} Ke5 {[%clk 0:00:10]} 65. Rc8 {[%clk 0:00:22]} Rb3+
{[%clk 0:00:10]} 66. Ka2 {[%clk 0:00:23]} Rh3 {[%clk 0:00:11]} 67. Rc7
{[%clk 0:00:24]} Rh2+ {[%clk 0:00:12]} 68. Kb1 {[%clk 0:00:25]} Kd4
{[%clk 0:00:13]} 69. Rc8 {[%clk 0:00:26]} Rg2 {[%clk 0:00:13]} 70. Rc7
{[%clk 0:00:27]} Rg3 {[%clk 0:00:14]} 71. Kb2 {[%clk 0:00:28]} Rb3+
{[%clk 0:00:15]} 72. Ka2 {[%clk 0:00:29]} Rc3 {[%clk 0:00:15]} 73. Rd7+
{[%clk 0:00:30]} Ke3 {[%clk 0:00:15]} 74. Rd8 {[%clk 0:00:30]} Rc2+
{[%clk 0:00:15]} 75. Kb1 {[%clk 0:00:32]} Rc4 {[%clk 0:00:16]} 76. Kb2
{[%clk 0:00:32]} Rd4 {[%clk 0:00:17]} 77. Rc8 {[%clk 0:00:31]} Kd3
{[%clk 0:00:17]} 78. Rc3+ {[%clk 0:00:32]} Kd2 {[%clk 0:00:17]} 79. Rc8
{[%clk 0:00:32]} Rd3 {[%clk 0:00:17]} 80. Rc7 {[%clk 0:00:31]} Rb3+
{[%clk 0:00:18]} 81. Ka2 {[%clk 0:00:32]} Rc3 {[%clk 0:00:18]} 82. Rd7+
{[%clk 0:00:31]} Kc1 {[%clk 0:00:16]} 83. Rg7 {[%clk 0:00:29]} Bb3+
{[%clk 0:00:09]} 84. Ka1 {[%clk 0:08:10]} Bd1 {[%clk 0:00:07]} 85. Ra7
{[%clk 0:00:29]} Rc4 {[%clk 0:00:04]} 86. Ka2 {[%clk 0:00:26]} Bc2
{[%clk 0:00:05]} 87. Rb7 {[%clk 0:00:22]} Bb1+ {[%clk 0:00:05]} 88. Ka1
{[%clk 0:00:24]} Rc3 {[%clk 0:00:04]} 89. Ra7 {[%clk 0:00:23]} Rc4
{[%clk 0:00:04]} 90. Rb7 {[%clk 0:00:24]} Ra4 {[%clk 0:00:03]} 91. Rc7+
{[%clk 0:00:25]} Bc2 {[%clk 0:00:04]} 92. Rc3 {[%clk 0:00:26]} b4
{[%clk 0:00:05]} 93. Rg3 {[%clk 0:00:25]} bxa3 {[%clk 0:00:04]} 94. Rg1+
{[%clk 0:00:25]} Kd2 {[%clk 0:00:05]} 95. Rg2+ {[%clk 0:00:26]} Kc3
{[%clk 0:00:07]} 96. Rg3+ {[%clk 0:00:27]} Bd3 {[%clk 0:00:07]} 97. Ka2
{[%clk 0:00:27]} Ra8 {[%clk 0:00:08]} 98. Rh3 {[%clk 0:00:27]} Kd4
{[%clk 0:00:08]} 99. Rh4+ {[%clk 0:00:28]} Kc3 {[%clk 0:00:08]} 100. Rh3
{[%clk 0:00:29]} Kd2 {[%clk 0:00:09]} 101. Rh2+ {[%clk 0:00:30]} Be2
{[%clk 0:00:10]} 102. Rg2 {[%clk 0:00:30]} Kd1 {[%clk 0:00:07]} 103. Rg1+
{[%clk 0:00:31]} Kd2 {[%clk 0:00:08]} 104. Rg2 Ke3 {[%clk 0:00:08]} 105. Rg3+
{[%clk 0:00:33]} Bf3 {[%clk 0:00:09]} 106. Rh3 {[%clk 0:00:34]} Kf2
{[%clk 0:00:06]} 107. Rh2+ {[%clk 0:00:34]} Kg3 {[%clk 0:00:06]} 108. Rd2
{[%clk 0:00:35]} Be4 {[%clk 0:00:04]} 109. Rd4 {[%clk 0:00:33]} Kf4
{[%clk 0:00:05]} 110. Rd1 {[%clk 0:00:26]} Ke5 {[%clk 0:00:05]} 111. Re1
{[%clk 0:00:27]} Kd4 {[%clk 0:00:07]} 112. Rd1+ {[%clk 0:00:28]} Bd3
{[%clk 0:00:08]} 113. Rd2 {[%clk 0:00:22]} Kc3 {[%clk 0:00:09]} 114. Rh2
{[%clk 0:00:23]} Bc4+ {[%clk 0:00:10]} 115. Ka1 {[%clk 0:00:24]} Rd8
{[%clk 0:00:10]} 116. Rh3+ {[%clk 0:00:25]} Kb4 {[%clk 0:00:11]} 117. Rh1
{[%clk 0:00:23]} Rd2 {[%clk 0:00:10]} 118. Rg1 {[%clk 0:00:22]} Ra2+
{[%clk 0:00:09]} 119. Kb1 {[%clk 0:00:23]} Rh2 {[%clk 0:00:11]} 120. Ka1
{[%clk 0:00:24]} Bd3 {[%clk 0:00:07]} 121. Re1 {[%clk 0:00:18]} Kb3
{[%clk 0:00:05]} 122. Re2 {[%clk 0:00:10]} Bxe2 {[%clk 0:00:05]} 0-1

[Event "Russiablitzwomen"]
[Site "?"]
[Date "2016.10.04"]
[Round "5.2"]
[White "Tomilova, Elena"]
[Black "Bodnaruk, Anastasia"]
[Result "1-0"]
[LiveChessVersion "1.4.4"]
[BlackElo "2386"]
[WhiteElo "2223"]

1. c4 {[%clk 0:03:03]} e5 {[%clk 0:03:02]} 2. g3 {[%clk 0:03:04]} Nc6
{[%clk 0:03:01]} 3. Bg2 {[%clk 0:03:05]} g6 {[%clk 0:03:02]} 4. Nc3
{[%clk 0:03:03]} Bg7 {[%clk 0:03:03]} 5. d3 {[%clk 0:03:01]} f5 {[%clk 0:03:02]}
6. e3 {[%clk 0:02:54]} Nf6 {[%clk 0:03:01]} 7. Nge2 {[%clk 0:02:54]} O-O
{[%clk 0:03:02]} 8. O-O {[%clk 0:02:53]} d6 {[%clk 0:03:03]} 9. Rb1
{[%clk 0:02:52]} a5 {[%clk 0:02:57]} 10. a3 {[%clk 0:02:51]} Be6 {[%clk 0:02:53]}
11. Nd5 {[%clk 0:02:47]} Qd7 {[%clk 0:02:32]} 12. Nec3 {[%clk 0:02:40]} Rae8
{[%clk 0:02:13]} 13. b4 {[%clk 0:02:37]} axb4 14. axb4 {[%clk 0:02:38]} e4
{[%clk 0:02:07]} 15. dxe4 {[%clk 0:02:15]} Nxe4 {[%clk 0:02:08]} 16. Nxe4
{[%clk 0:02:04]} fxe4 {[%clk 0:02:09]} 17. Bb2 {[%clk 0:01:51]} Ne5
{[%clk 0:01:54]} 18. Bxe5 {[%clk 0:01:42]} Bxe5 {[%clk 0:01:42]} 19. Bxe4
{[%clk 0:01:41]} c6 {[%clk 0:01:32]} 20. Nb6 {[%clk 0:01:33]} Qd8
{[%clk 0:01:31]} 21. c5 {[%clk 0:01:30]} d5 {[%clk 0:01:29]} 22. Bg2
{[%clk 0:01:28]} Bf5 {[%clk 0:01:13]} 23. Rb3 {[%clk 0:01:26]} Qe7
{[%clk 0:00:49]} 24. Qd2 {[%clk 0:01:19]} Rd8 {[%clk 0:00:47]} 25. Re1
{[%clk 0:01:07]} Qg7 {[%clk 0:00:48]} 26. Qe2 {[%clk 0:01:02]} Be6
{[%clk 0:00:36]} 27. Ra3 {[%clk 0:00:56]} g5 {[%clk 0:00:35]} 28. h3
{[%clk 0:00:50]} g4 {[%clk 0:04:13]} 29. h4 {[%clk 0:00:39]} Rf7 {[%clk 0:00:36]}
30. e4 {[%clk 0:00:26]} d4 {[%clk 0:00:12]} 31. Nc4 {[%clk 0:00:26]} Rdf8
{[%clk 0:00:08]} 32. Rf1 {[%clk 0:00:19]} d3 {[%clk 0:00:09]} 33. Qxd3
{[%clk 0:00:18]} Bd4 {[%clk 0:00:10]} 34. Ra2 {[%clk 0:00:16]} h5
{[%clk 0:00:07]} 35. Rd2 {[%clk 0:00:16]} Bc3 {[%clk 0:00:08]} 36. Rc2
{[%clk 0:00:17]} Bxb4 {[%clk 0:00:09]} 37. Nd6 {[%clk 0:00:15]} Rd7
{[%clk 0:00:11]} 38. Qe3 {[%clk 0:00:13]} Qe5 {[%clk 0:00:11]} 39. Qh6
{[%clk 0:00:06]} b6 {[%clk 0:00:08]} 40. Nf5 {[%clk 0:00:06]} Bxf5
{[%clk 0:00:07]} 41. exf5 {[%clk 0:00:06]} Bxc5 {[%clk 0:00:08]} 42. Bxc6
{[%clk 0:00:06]} Rd6 {[%clk 0:00:06]} 43. Qg5+ {[%clk 0:00:06]} Qg7
{[%clk 0:00:07]} 44. Be4 {[%clk 0:00:05]} Bd4 {[%clk 0:00:04]} 45. Rc4
{[%clk 0:00:04]} Bc5 {[%clk 0:00:05]} 46. Rc2 {[%clk 0:00:05]} Re8
{[%clk 0:00:05]} 47. Bg2 {[%clk 0:00:05]} Red8 {[%clk 0:00:05]} 48. Qxh5
{[%clk 0:00:05]} Bd4 {[%clk 0:00:05]} 49. Qg5 {[%clk 0:00:06]} Bf6
{[%clk 0:00:06]} 50. Qf4 {[%clk 0:00:06]} Rd4 {[%clk 0:00:08]} 51. Qc7
{[%clk 0:00:07]} R4d7 {[%clk 0:00:08]} 52. Qxb6 {[%clk 0:00:08]} Bd4
{[%clk 0:00:09]} 53. Qb3+ {[%clk 0:00:08]} Kh8 {[%clk 0:00:09]} 54. Qc4
{[%clk 0:00:08]} Qf6 {[%clk 0:00:11]} 55. Qb5 {[%clk 0:00:09]} Rd5
{[%clk 0:00:12]} 56. Bxd5 {[%clk 0:00:10]} Qxf5 57. Qc4 {[%clk 0:00:10]} Rxd5
{[%clk 0:00:12]} 58. Qc8+ {[%clk 0:00:10]} Qxc8 {[%clk 0:00:14]} 59. Rxc8+
{[%clk 0:00:12]} Rf5 {[%clk 0:00:15]} 1-0

[Event "Russiablitzwomen"]
[Site "?"]
[Date "2016.10.04"]
[Round "5.14"]
[White "Diakonova, Ekaterina"]
[Black "Ektova, Elena"]
[Result "1-0"]
[LiveChessVersion "1.4.4"]
[BlackElo "1875"]
[WhiteElo "2199"]

1. e4 {[%clk 0:01:57]} c6 {[%clk 0:03:03]} 2. Nc3 d5 {[%clk 0:03:04]} 3. Nf3
{[%clk 0:01:58]} g6 {[%clk 0:03:04]} 4. h3 {[%clk 0:01:57]} Bg7 {[%clk 0:03:05]}
5. d4 {[%clk 0:01:51]} dxe4 {[%clk 0:02:51]} 6. Nxe4 {[%clk 0:01:52]} Nf6
{[%clk 0:02:52]} 7. Nxf6+ {[%clk 0:01:50]} Bxf6 {[%clk 0:02:52]} 8. c3
{[%clk 0:01:51]} Bg7 {[%clk 0:02:52]} 9. Bc4 {[%clk 0:01:52]} a6 {[%clk 0:02:51]}
10. O-O {[%clk 0:01:49]} O-O {[%clk 0:02:52]} 11. Bf4 {[%clk 0:01:48]} Nd7
{[%clk 0:02:52]} 12. Re1 {[%clk 0:01:38]} b5 {[%clk 0:02:48]} 13. Bb3
{[%clk 0:01:33]} a5 {[%clk 0:02:47]} 14. a4 {[%clk 0:01:34]} Bb7 {[%clk 0:02:47]}
15. Ne5 {[%clk 0:01:29]} Nb6 {[%clk 0:02:35]} 16. Qe2 {[%clk 0:01:15]} Nd5
{[%clk 0:02:29]} 17. Bh2 {[%clk 0:01:10]} e6 {[%clk 0:02:26]} 18. Nd3
{[%clk 0:01:10]} b4 {[%clk 0:02:08]} 19. c4 {[%clk 0:00:55]} Ne7 {[%clk 0:02:04]}
20. Be5 {[%clk 0:00:56]} f6 {[%clk 0:01:01]} 21. Bg3 {[%clk 0:00:50]} Bc8
{[%clk 0:01:02]} 22. Nc5 {[%clk 0:00:50]} Qxd4 {[%clk 0:00:18]} 23. Nxe6
{[%clk 0:00:50]} Bxe6 {[%clk 0:00:18]} 24. Qxe6+ {[%clk 0:00:51]} Rf7
{[%clk 0:00:20]} 25. c5 {[%clk 0:00:51]} Raf8 {[%clk 0:00:21]} 26. Qxe7
{[%clk 0:00:52]} Qxb2 {[%clk 0:00:20]} 27. Bxf7+ {[%clk 0:00:52]} Kh8
{[%clk 0:00:19]} 28. Be8 {[%clk 0:00:48]} f5 {[%clk 0:00:17]} 29. Rad1
{[%clk 0:00:49]} Bd4 {[%clk 0:00:15]} 30. Qxf8# {[%clk 0:00:49]} 1-0

[Event "Russiablitzwomen"]
[Site "?"]
[Date "2016.10.04"]
[Round "7.11"]
[White "Severina, Maria"]
[Black "Komiagina, Maria"]
[Result "1-0"]
[LiveChessVersion "1.4.4"]
[BlackElo "2048"]
[WhiteElo "2266"]

1. Nf3 {[%clk 0:03:03]} Nf6 {[%clk 0:03:03]} 2. g3 {[%clk 0:03:04]} g6
{[%clk 0:03:04]} 3. Bg2 {[%clk 0:03:04]} Bg7 {[%clk 0:03:03]} 4. d4
{[%clk 0:03:05]} d6 {[%clk 0:03:02]} 5. O-O {[%clk 0:02:58]} Nbd7
{[%clk 0:03:01]} 6. Nbd2 {[%clk 0:02:28]} O-O {[%clk 0:03:01]} 7. e4
{[%clk 0:02:27]} e5 {[%clk 0:03:02]} 8. c3 {[%clk 0:02:25]} h6 {[%clk 0:03:02]}
9. Re1 {[%clk 0:02:23]} Re8 {[%clk 0:03:03]} 10. b3 {[%clk 0:02:15]} g5
{[%clk 0:02:54]} 11. Bb2 {[%clk 0:02:11]} Nf8 {[%clk 0:02:52]} 12. Qc2
{[%clk 0:01:44]} Ng6 {[%clk 0:02:52]} 13. Rad1 {[%clk 0:01:42]} Qe7
{[%clk 0:02:53]} 14. dxe5 {[%clk 0:01:25]} dxe5 {[%clk 0:02:54]} 15. Nc4
{[%clk 0:01:26]} Bd7 {[%clk 0:02:36]} 16. Ba3 {[%clk 0:01:21]} Qe6
{[%clk 0:02:29]} 17. Ne3 {[%clk 0:01:22]} Bc6 {[%clk 0:02:21]} 18. Nd5
{[%clk 0:01:08]} Rac8 {[%clk 0:02:08]} 19. c4 {[%clk 0:01:05]} Nd7
{[%clk 0:01:57]} 20. b4 {[%clk 0:00:46]} a6 {[%clk 0:01:43]} 21. Bb2
{[%clk 0:00:46]} Bf8 {[%clk 0:01:09]} 22. a3 {[%clk 0:00:42]} Kh7
{[%clk 0:01:00]} 23. a4 {[%clk 0:00:43]} Bxd5 {[%clk 0:00:58]} 24. exd5
{[%clk 0:00:39]} Qb6 {[%clk 0:00:56]} 25. Bh3 {[%clk 0:00:18]} Rcd8
{[%clk 0:00:55]} 26. Nxe5 {[%clk 0:00:12]} Ndxe5 {[%clk 0:00:53]} 27. Rxe5
{[%clk 0:00:11]} Rxe5 {[%clk 0:00:49]} 28. Bxe5 {[%clk 0:00:12]} Qxb4
{[%clk 0:00:39]} 29. Qf5 {[%clk 0:00:13]} Qe7 {[%clk 0:00:38]} 30. Bf6
{[%clk 0:00:13]} Qe2 {[%clk 0:00:33]} 31. Bg4 {[%clk 0:00:12]} Qe8
{[%clk 0:00:30]} 32. Bxd8 {[%clk 0:00:13]} Qxd8 {[%clk 0:00:29]} 33. Qxf7+
{[%clk 0:00:14]} Bg7 {[%clk 0:00:30]} 34. Bf5 {[%clk 0:00:15]} Qf6
{[%clk 0:00:24]} 35. Qxf6 {[%clk 0:00:13]} Bxf6 {[%clk 0:00:25]} 36. a5
{[%clk 0:00:13]} Be5 {[%clk 0:00:24]} 37. Rb1 {[%clk 0:00:13]} Kg7
{[%clk 0:00:22]} 38. Bxg6 {[%clk 0:00:14]} Kxg6 {[%clk 0:00:23]} 39. Rxb7
{[%clk 0:00:15]} Kf5 {[%clk 0:00:22]} 40. f3 {[%clk 0:00:16]} Bd6
{[%clk 0:00:22]} 41. Kf2 {[%clk 0:00:16]} Ke5 {[%clk 0:00:23]} 42. Ke3
{[%clk 0:00:17]} Bc5+ {[%clk 0:00:23]} 43. Kd3 {[%clk 0:00:18]} Kd6
{[%clk 0:00:24]} 44. Rb8 {[%clk 0:00:19]} c6 {[%clk 0:00:25]} 45. dxc6 Kxc6
{[%clk 0:00:26]} 46. Rh8 {[%clk 0:00:18]} Bb4 {[%clk 0:00:27]} 47. Rxh6+
{[%clk 0:00:19]} Kb7 {[%clk 0:00:28]} 48. Rb6+ {[%clk 0:00:20]} 1-0